The Nation`s Voice: (Record no. 549822)
[ view plain ]
| 000 -LEADER | |
|---|---|
| fixed length control field | 00546nam a2200157Ia 4500 |
| 020 ## - INTERNATIONAL STANDARD BOOK NUMBER | |
| International Standard Book Number | 9694130697(hb) |
| 082 ## - DEWEY DECIMAL CLASSIFICATION NUMBER | |
| Classification number | 954.91 |
| Author Mark | WAH |
| -- | L-40, P-61 |
| 100 ## - MAIN ENTRY--PERSONAL NAME | |
| Personal name | Jinnah, Muhammad Ali,1876-1948. |
| 9 (RLIN) | 46497 |
| 245 ## - TITLE STATEMENT | |
| Title | The Nation`s Voice: |
| Remainder of title | achieving the goal. |
| 260 ## - PUBLICATION, DISTRIBUTION, ETC. | |
| Place of publication, distribution, etc. | Karachi: |
| Name of publisher, distributor, etc. | Quaid-i-Azam Academy, |
| Date of publication, distribution, etc. | 2002. |
| 300 ## - PHYSICAL DESCRIPTION | |
| Extent | 1xxxiv, 732p. |
| Other physical details | ill. |
| Dimensions | 22 cm |
| 526 ## - STUDY PROGRAM INFORMATION NOTE | |
| Program name | 0 |
| Interest level | 0 |
| Reading level | 0 |
| Title point value | 954_910000000000000_WAH |
| 650 ## - SUBJECT ADDED ENTRY--TOPICAL TERM | |
| Topical term or geographic name entry element | Jinnah, Muhammad Ali,1876-1948 -- Addresses, Essays, Lectures, Etc. |
| 9 (RLIN) | 46498 |
| 700 ## - ADDED ENTRY--PERSONAL NAME | |
| Personal name | Waheed Ahmad. (ed.). |
| 9 (RLIN) | 46499 |
| 942 ## - ADDED ENTRY ELEMENTS (KOHA) | |
| Source of classification or shelving scheme | |
| Koha item type | Book |
| Withdrawn status | Lost status | Source of classification or shelving scheme | Damaged status | Not for loan | Permanent Location | Current Location | Date acquired | Total Checkouts | Full call number | Barcode | Date last seen | Copy number | Price effective from | Koha item type |
|---|---|---|---|---|---|---|---|---|---|---|---|---|---|---|
| Military College of Engineering (MCE) | Military College of Engineering (MCE) | 10/15/2014 | 954.91 WAH | MCE-35001 | 10/15/2014 | Vol-VI | 10/15/2014 | Book |
